Estatísticas para Capitais mais próximos de Colombo - sprint de um minuto

Clique aqui para jogar o quiz

Estatísticas Gerais

  • Esse quiz foi jogado 8 vezes
  • A pontuação média é 10 de 20

Estatísticas das Respostas

kmcapital% Correto
3202Hanói
88%
3065Islamabad
88%
2435Nova Deli
88%
3270Cabul
75%
2379Banguecoque
63%
2192Daca
63%
2260Naypyidaw
63%
2511Thimbu
63%
2388Catmandu
50%
3328Jakarta
50%
2450Kuala Lumpur
50%
772Malé
50%
2795Phnom Penh
50%
2755Vientiane
50%
3646Doha
25%
2729Singapura
25%
3351Abu Dhabi
13%
3699Duchambé
13%
2956Mascate
0%
3005Victoria
0%

Distribuição das Pontuações

Percentil de Números Respondidos

Porcentagem de Pessoas com Cada Pontuação

Sua Pontuação Histórica

Você não jogou esse quiz